[Event "Mechanics' Summer TNM; G/2 d5"]
[Site "San Francisco"]
[Date "2017.06.20"]
[Round "5.14"]
[White "McKellar, Daniel"]
[Black "Krasnov, Steven"]
[Result "1-0"]
[WhiteElo "1740"]
[BlackElo "2052"]
[Annotator "Winslow,E"]
[PlyCount "93"]
[EventDate "2017.??.??"]

1. d4 Nf6 2. c4 e6 3. Nc3 c5 4. Nf3 cxd4 5. Nxd4 a6 6. Nc2 Nc6 7. e4 Qc7 8. f4
d6 9. Be3 h5 10. Be2 Bd7 11. O-O Be7 12. Rc1 Rc8 13. b4 Qb8 14. a3 g6 15. Ne1
Kf8 16. Nf3 Ng4 17. Bd2 Qa7+ 18. Kh1 Nf2+ 19. Rxf2 Qxf2 {
These exchange grabs always come with a warning on the label} 20. e5 Rd8 $2 (
20... dxe5 21. Ne4) 21. exd6 Bxd6 22. Ne4 Qa7 23. Nxd6 Be8 24. c5 Qb8 25. Bc3
Rg8 26. Bf6 Ne7 27. Ne5 Qc7 28. Bf3 b6 29. Qc2 bxc5 30. Nxe8 Kxe8 31. Bxe7 Kxe7
32. Nc6+ Kf8 33. Qxc5+ Kg7 34. Nxd8 Qxd8 35. Qe5+ Kh7 36. Rd1 Qc8 37. Qc5 Qb8
38. g3 h4 39. Rd7 Rf8 40. Qc7 Qb5 41. Rxf7+ Rxf7 42. Qxf7+ Kh6 43. Qf8+ Kh7 44.
Qe7+ Kh8 45. Qxh4+ Kg8 46. Qd8+ Kh7 47. Qd1 1-0

[Event "Mechanics' Fall TNM; G/2 d5"]
[Site "San Francisco"]
[Date "2017.12.05"]
[Round "7.27"]
[White "McKellar, Daniel"]
[Black "McLain, Julian"]
[Result "1-0"]
[WhiteElo "1810"]
[BlackElo "1506"]
[PlyCount "43"]
[EventDate "2017.??.??"]

1. Nf3 d5 2. c4 d4 3. e3 dxe3 4. fxe3 Nf6 5. d4 Bg4 6. Nc3 e6 7. Be2 Nbd7 8.
O-O c5 9. d5 Nb6 10. e4 Bd6 11. e5 Bxf3 12. exf6 Qxf6 13. Rxf3 Qe7 14. dxe6 O-O
15. exf7+ Rxf7 16. Rxf7 Qxf7 17. Qxd6 Rf8 18. Be3 Nd7 19. Qd5 b6 20. Rf1 Nf6
21. Qxf7+ Rxf7 22. Bg5 1-0

[Event "Mechanics' Winter TNM; G/2"]
[Site "San Francisco"]
[Date "2017.02.14"]
[Round "7.28"]
[White "McKellar, Daniel"]
[Black "Olson, David R"]
[Result "1-0"]
[WhiteElo "1770"]
[BlackElo "1400"]
[PlyCount "111"]
[EventDate "2017.??.??"]

1. e4 Nf6 2. Nc3 g6 3. d4 d6 4. f4 e6 5. Nf3 b6 6. Bd3 Nc6 7. O-O Bg7 8. Bd2
O-O 9. Ne2 Bb7 10. f5 e5 11. fxg6 fxg6 12. d5 Ne7 13. Ng5 Bc8 14. Ng3 h6 15.
Nf3 Kh7 16. c4 Bg4 17. h3 Bd7 18. Be2 Qc8 19. Kh2 c5 20. b4 Rb8 21. b5 a5 22.
Nh4 Rf7 23. Rc1 Qg8 24. Rc3 Rbf8 25. Rcf3 Bc8 26. Kg1 Bd7 27. Qe1 Ra8 28. R3f2
Bc8 29. Qc1 Qf8 30. Nh1 g5 31. Bh5 gxh4 32. Bxf7 Qxf7 33. Qe1 Bxh3 34. gxh3
Qg6+ 35. Rg2 Qxe4 36. Qxe4+ Nxe4 37. Rf7 Ng6 38. Be1 Ng5 39. Rd7 Nf3+ 40. Kf1
Nxe1 41. Kxe1 Re8 42. Nf2 Re7 43. Rxe7 Nxe7 44. Ne4 Nc8 45. Rg4 Kh8 46. Rg6 Bf8
47. Kf2 Kh7 48. Re6 Be7 49. Kf3 Kg7 50. Kg4 Kh7 51. Kh5 Bg5 52. Nxg5+ hxg5 53.
Kxg5 Kg7 54. Kxh4 Kh7 55. Re8 Na7 56. Re7+ 1-0

[Event "Mechanics' Winter TNM; G/2"]
[Site "San Francisco"]
[Date "2017.02.21"]
[Round "8.22"]
[White "McKellar, Daniel"]
[Black "Sadowsky, Jacob"]
[Result "1-0"]
[WhiteElo "1770"]
[BlackElo "1701"]
[Annotator "Donaldson"]
[PlyCount "127"]
[EventDate "2017.??.??"]

1. d4 d5 2. c4 c6 3. Nc3 Nf6 4. Nf3 e6 5. Bg5 Be7 6. e3 O-O 7. Bd3 dxc4 8. Bxc4
b5 9. Bd3 Bb7 10. O-O a6 11. Bxf6 Bxf6 12. Ne4 Be7 13. Nc5 Bxc5 14. dxc5 a5 15.
Qc2 h6 16. Rfd1 Qe7 17. Ne5 Rd8 18. Bh7+ Kf8 19. Rxd8+ Qxd8 20. Rd1 Qc7 {
Diagram [#]} 21. f4 (21. Nxf7 $1 Kxf7 (21... Qxf7 22. Rd8+ Ke7 23. Qd3 Ba6 24.
Qd6+ Kf6 25. Qd4+ Ke7 26. Bg6 Qxg6 27. Qd6+ Kf6 28. Rf8+ Kg5 29. Qg3+ Kh5 30.
Qh3+ Kg5 31. f4#) 22. Qg6+ Kf8 23. Qxe6) 21... Bc8 22. Rd6 f6 23. Nf3 Qe7 24.
Be4 Bd7 25. Nd4 Ra6 26. Qd3 f5 27. Bf3 Kf7 28. e4 g6 29. g3 a4 30. Kf2 Ra7 31.
exf5 exf5 32. Qe3 Qxe3+ 33. Kxe3 Rc7 34. Kd3 Na6 35. Nxc6 Bxc6 36. Bxc6 Rxc6
37. Rxc6 Nb4+ 38. Kd4 Nxc6+ 39. Kd5 Na7 40. Kd6 Nc8+ 41. Kd7 Ne7 42. c6 b4 43.
c7 g5 44. h4 gxf4 45. gxf4 h5 46. Kd8 Ke6 47. Ke8 Kd6 48. Kd8 Nc6+ 49. Kc8 Na7+
50. Kb7 Kd7 51. Kxa7 Kxc7 52. Ka6 Kc6 53. Ka5 a3 54. b3 Kc5 55. Ka4 Kd4 56.
Kxb4 Ke4 57. Kxa3 Kxf4 58. b4 Ke5 $2 (58... Kg4 59. b5 f4 60. b6 f3 61. b7 f2
62. b8=Q f1=Q {should draw.}) 59. Kb3 f4 60. Kc3 f3 61. Kd3 Kd5 62. Ke3 f2 63.
Kxf2 Kc4 64. a3 1-0

[Event "Mechanics' Peter Grey TNM; G/2 d5"]
[Site "San Francisco"]
[Date "2017.08.08"]
[Round "1.26"]
[White "McKellar, Daniel"]
[Black "Torres, Julian"]
[Result "1-0"]
[WhiteElo "1820"]
[BlackElo "1311"]
[PlyCount "77"]
[EventDate "2017.??.??"]

1. d4 e6 2. c4 d5 3. Nc3 c5 4. Nf3 Nc6 5. Bf4 Bd6 6. Bxd6 Qxd6 7. Nb5 Qe7 8.
cxd5 exd5 9. dxc5 Nf6 10. Nd6+ Kd8 11. e3 Kc7 12. Be2 Rd8 13. O-O Ne4 14. Qxd5
Nxd6 15. cxd6+ Rxd6 16. Qc5 Bg4 17. Rfe1 Rg6 18. Qxe7+ Nxe7 19. Ne5 Bxe2 20.
Nxg6 Nxg6 21. Rxe2 Rc8 22. Rc2+ Kb8 23. Rxc8+ Kxc8 24. Rd1 Kc7 25. f4 f5 26.
Kf2 Ne7 27. Kf3 h6 28. g4 b6 29. gxf5 Nxf5 30. e4 Nd6 31. e5 Nf5 32. Ke4 g6 33.
e6 Nd6+ 34. Ke5 Nc4+ 35. Kf6 g5 36. fxg5 hxg5 37. e7 Nd6 38. Rxd6 Kxd6 39. e8=Q
1-0

[Event "Mechanics' Peter Grey TNM; G/2 d5"]
[Site "San Francisco"]
[Date "2017.09.26"]
[Round "8.21"]
[White "McKellar, Daniel"]
[Black "Touset, Stephen"]
[Result "1-0"]
[WhiteElo "1820"]
[BlackElo "1535"]
[PlyCount "60"]
[EventDate "2017.??.??"]

1. d4 Nf6 2. c4 c5 3. d5 b5 4. cxb5 a6 5. e3 e6 6. dxe6 fxe6 7. Nc3 d5 8. Nf3
Be7 9. Be2 O-O 10. O-O Qd6 11. Qc2 Nbd7 12. Rd1 Ng4 13. h3 Rxf3 14. hxg4 Rf7
15. Ne4 Qb6 16. Nc3 axb5 17. Nxb5 Ba6 18. a4 Ne5 19. Bd2 Raf8 20. Rf1 Bh4 21.
f4 Ng6 22. Bd3 Nxf4 23. Bxh7+ Kh8 24. Rxf4 Rxf4 25. exf4 c4+ 26. Kh1 e5 27. Rf1
Qh6 28. Rf3 exf4 29. Rh3 g5 30. Bc3+ Rf6 1-0

[Event "Mechanics' Summer TNM; G/2 d5"]
[Site "San Francisco"]
[Date "2017.05.30"]
[Round "2.12"]
[White "McKellar, Daniel"]
[Black "Tracy, Joseph J"]
[Result "1/2-1/2"]
[WhiteElo "1740"]
[BlackElo "2088"]
[Annotator "Donaldson"]
[PlyCount "71"]
[EventDate "2017.??.??"]

1. d4 Nf6 2. c4 e6 3. Nc3 Bb4 4. Qc2 O-O 5. a3 Bxc3+ 6. Qxc3 b6 7. Nf3 Bb7 8.
Bg5 d6 9. g3 Nbd7 10. Bg2 h6 11. Bxf6 Nxf6 12. O-O c5 13. e3 Rc8 14. Rfd1 Qe7
15. Rac1 Rfd8 16. b4 d5 17. bxc5 bxc5 18. cxd5 cxd4 19. Qxd4 Rxc1 20. Rxc1 Bxd5
21. Qc5 Qxc5 22. Rxc5 Rb8 23. Nd2 Bxg2 24. Kxg2 Rb2 25. Rc8+ Kh7 26. Rd8 Ra2 (
26... Nd5 27. Nc4) 27. Rd3 g5 28. h3 Kg6 29. Kf3 h5 30. g4 hxg4+ 31. hxg4 Rc2
32. Rd4 Kg7 33. Ne4 Nxe4 34. Rxe4 Rc5 35. Ra4 a5 36. Ke4 1/2-1/2

[Event "Mechanics' Fall TNM; G/2 d5"]
[Site "San Francisco"]
[Date "2017.10.31"]
[Round "2.7"]
[White "McKellar, Daniel"]
[Black "Wong, Russell"]
[Result "0-1"]
[WhiteElo "1810"]
[BlackElo "2200"]
[PlyCount "70"]
[EventDate "2017.??.??"]

1. d4 Nf6 2. c4 e6 3. Nc3 Bb4 4. Qc2 d6 5. Bg5 Nbd7 6. Nf3 h6 7. Bd2 Qe7 8. e4
Bxc3 9. Bxc3 e5 10. dxe5 dxe5 11. Bd3 O-O 12. O-O Re8 13. b4 Nh5 14. c5 Nf4 15.
Bd2 Qf6 16. Bxf4 exf4 17. Rad1 Ne5 18. Be2 a5 19. Qa4 Bg4 20. b5 Nxf3+ 21. Bxf3
Bxf3 22. gxf3 Re5 23. Rd5 Qg5+ 24. Kh1 Rxd5 25. exd5 Qxd5 26. Qxf4 Qxc5 27. a4
Rd8 28. Rc1 Qxf2 29. Qxc7 Qxf3+ 30. Kg1 Rd4 31. Qc8+ Kh7 32. Qc2+ g6 33. Qf2
Rg4+ 34. Kf1 Qd3+ 35. Ke1 Re4+ 0-1

[Event "Mechanics' Fall TNM; G/2 d5"]
[Site "San Francisco"]
[Date "2017.11.07"]
[Round "3.39"]
[White "McLain, Julian"]
[Black "Cowgill, Jackie"]
[Result "1-0"]
[WhiteElo "1506"]
[BlackElo "971"]
[PlyCount "59"]
[EventDate "2017.??.??"]

1. d4 d5 2. c4 c6 3. Nc3 dxc4 4. e3 b5 5. a4 b4 6. Ne4 Nf6 7. Nc5 a5 8. Bxc4 e6
9. Bb3 Be7 10. Nf3 O-O 11. O-O h6 12. e4 Nbd7 13. e5 Nxc5 14. exf6 Bxf6 15.
dxc5 Qe7 16. Qc2 Ba6 17. Rd1 Rad8 18. Bf4 Rxd1+ 19. Rxd1 Rd8 20. Bd6 Qa7 21.
Qe4 Rc8 22. Ne5 Bxe5 23. Qxe5 Qa8 24. Rd4 Re8 25. Bc2 Qb7 26. Rg4 g6 27. Qf6 b3
28. Bxg6 fxg6 29. Rxg6+ Kh7 30. Rxh6+ 1-0

[Event "Mechanics' Fall TNM; G/2 d5"]
[Site "San Francisco"]
[Date "2017.12.12"]
[Round "8.33"]
[White "McLain, Julian"]
[Black "Drane, Robert Will"]
[Result "0-1"]
[WhiteElo "1506"]
[BlackElo "1833"]
[PlyCount "58"]
[EventDate "2017.??.??"]

1. Nf3 f5 2. d4 Nf6 3. e3 e6 4. c4 b6 5. Nc3 Bb4 6. a3 Bxc3+ 7. bxc3 O-O 8. Bd2
Bb7 9. Rb1 Qe7 10. c5 Be4 11. Rb4 bxc5 12. Rb2 Nc6 13. Ng5 Rab8 14. Qc1 Rxb2
15. Qxb2 Rb8 16. Qa2 Bb1 17. Qc4 h6 18. Nf3 cxd4 19. Bd3 Na5 20. Qxc7 Nc6 21.
Ne5 Nd5 22. Nxc6 Nxc7 23. Nxe7+ Kf7 24. cxd4 Bxd3 25. Bb4 Na6 26. Kd2 Nxb4 27.
axb4 Bc4 28. Rc1 Ba6 29. Ra1 Rb6 0-1

[Event "Mechanics' Fall TNM; G/2 d5"]
[Site "San Francisco"]
[Date "2017.10.24"]
[Round "1.16"]
[White "McLain, Julian"]
[Black "Lum, Michael K"]
[Result "0-1"]
[WhiteElo "1506"]
[BlackElo "1970"]
[PlyCount "50"]
[EventDate "2017.??.??"]

1. d4 Nf6 2. c4 e6 3. Nc3 Bb4 4. Nf3 O-O 5. Bg5 d5 6. e3 h6 7. a3 $2 Bxc3+ 8.
bxc3 hxg5 9. Nxg5 c5 10. cxd5 exd5 11. Bd3 Nc6 12. Rb1 Qe7 13. O-O Ne4 14. f4
Nxg5 15. fxg5 c4 16. Be2 Qxe3+ 17. Rf2 Bf5 18. Rxb7 Rab8 19. Rxb8 Rxb8 20. Qa4
Rb1+ 21. Bd1 Bg4 22. g3 Bxd1 23. Kg2 Bxa4 24. h4 Bc2 25. Rxc2 Rg1+ 0-1

[Event "Mechanics' Fall TNM; G/2 d5"]
[Site "San Francisco"]
[Date "2017.11.28"]
[Round "6.7"]
[White "Melville, Cailen"]
[Black "Askin, Michael"]
[Result "0-1"]
[WhiteElo "1844"]
[BlackElo "1992"]
[Annotator "Donaldson"]
[PlyCount "70"]
[EventDate "2017.??.??"]

1. d4 d5 2. c4 e6 3. Nf3 Nf6 4. g3 Be7 5. Bg2 O-O 6. O-O dxc4 7. Ne5 Nc6 8.
Bxc6 bxc6 9. Nxc6 Qe8 10. Nxe7+ Qxe7 11. Qc2 c5 12. dxc5 Qxc5 13. Be3 Qc6 14.
f3 e5 15. Nd2 Ba6 16. b4 c3 17. Nb1 e4 18. a4 exf3 19. Rxf3 Bb7 20. Bc5 Rfe8
21. Nxc3 Qe6 22. Rd3 a5 23. Rd6 Qh3 24. e3 axb4 25. Rb6 (25. Bxb4 Rxe3) 25...
Qd7 26. Rd1 Qc7 27. Nb5 {Diagram [#]} b3 $1 28. Nxc7 (28. Qxb3 Qxc5 29. Rxb7
Qh5) 28... bxc2 29. Rc1 Be4 30. Nxe8 Rxe8 31. Bd4 Nd5 32. Rd6 Rc8 33. a5 Nb4
34. Bb6 Na2 35. Rxc2 Bxc2 0-1

[Event "Mechanics' Summer TNM; G/2 d5"]
[Site "San Francisco"]
[Date "2017.05.30"]
[Round "2.14"]
[White "Melville, Cailen"]
[Black "Askin, Michael"]
[Result "0-1"]
[WhiteElo "1727"]
[BlackElo "2072"]
[Annotator "Donaldson"]
[PlyCount "55"]
[EventDate "2017.??.??"]

1. d4 d5 2. c4 e6 3. Nf3 Nf6 4. g3 Be7 5. Bg2 O-O 6. O-O dxc4 7. Ne5 Nc6 8.
Bxc6 bxc6 9. Nxc6 Qe8 10. Nxe7+ Qxe7 11. Qc2 e5 12. dxe5 Qxe5 13. Na3 Re8 14.
Be3 Ng4 15. Nxc4 Qh5 16. h4 h6 17. Bd4 c5 18. Bc3 Bf5 19. Qd1 Rad8 20. Bd2 g5
21. f3 Rd4 22. Rc1 {Diagram [#]} Nf6 (22... gxh4 $1 23. fxg4 Rxg4 {wins.}) 23.
hxg5 Qh3 24. Rf2 hxg5 25. Qf1 Qh6 26. g4 (26. Rh2 $1 Qg6 27. Bc3 Rxc4 (27...
Rdd8 28. e4) 28. Bxf6) 26... Bc8 27. e4 (27. e3) 27... Rd3 $4 28. Qxd3 0-1

[Event "Mechanics' Spring TNM; G/2"]
[Site "San Francisco"]
[Date "2017.04.25"]
[Round "7.32"]
[White "Melville, Cailen"]
[Black "Bannan, Frank"]
[Result "0-1"]
[WhiteElo "1745"]
[BlackElo "1899"]
[PlyCount "112"]
[EventDate "2017.??.??"]

1. d4 Nf6 2. c4 g6 3. f3 c5 4. d5 Bg7 5. e4 d6 6. Nc3 O-O 7. Bg5 Qa5 8. Bd2 a6
9. Nge2 Nbd7 10. Ng3 Re8 11. Be2 Rb8 12. a4 Qc7 13. a5 e6 14. Qc2 exd5 15. Nxd5
Nxd5 16. cxd5 b5 17. axb6 Qxb6 18. Bc3 Bxc3+ 19. bxc3 h5 20. Nf1 Qb2 21. Qxb2
Rxb2 22. Ne3 Nb6 23. Bxa6 Bxa6 24. Rxa6 Rb1+ 25. Nd1 Nxd5 26. O-O Rb6 27. Rxb6
Nxb6 28. Ne3 d5 29. Rb1 d4 30. Rxb6 dxe3 31. Kf1 Rd8 32. h4 Rd3 33. c4 Rc3 34.
Ke2 Rxc4 35. Kxe3 Rc2 36. g3 Kg7 37. e5 c4 38. Kd4 Rg2 39. Kxc4 Rxg3 40. Rf6 g5
41. hxg5 Rxg5 42. Kd4 h4 43. Rf4 Rh5 44. Rg4+ Kf8 45. Ke4 Ke7 46. Rg2 h3 47.
Rh2 Ke6 48. f4 $2 (48. Kf4 $11) 48... Rh4 $1 49. Kd3 Kf5 50. Ke3 Kg4 51. Rh1 h2
52. Kf2 Kxf4 53. Kg2 Kxe5 54. Re1+ Kf4 55. Rh1 Ke3 56. Kf1 Kf3 0-1

[Event "Mechanics' Peter Grey TNM; G/2 d5"]
[Site "San Francisco"]
[Date "2017.09.26"]
[Round "8.23"]
[White "Melville, Cailen"]
[Black "Cohee, James"]
[Result "0-1"]
[WhiteElo "1772"]
[BlackElo "1604"]
[PlyCount "54"]
[EventDate "2017.??.??"]

1. d4 d5 2. c4 c6 3. Nf3 Nf6 4. Nc3 a6 5. a4 e6 6. Bf4 Nbd7 7. c5 Be7 8. a5 Nh5
9. g3 O-O 10. Qd2 Nxf4 11. gxf4 f5 12. b4 Nf6 13. Ne5 Ne4 14. Nxe4 fxe4 15.
O-O-O {Diagram [#]} Rxf4 $1 16. Rg1 Bg5 17. e3 Rf8 18. Qe2 Bf6 19. Ng4 Kh8 20.
Rg3 Qe7 21. Bg2 e5 22. Nxf6 Qxf6 23. Rd2 exd4 24. exd4 Bf5 25. Bh3 Rae8 26. Qd1
Qh6 27. Kb2 Bxh3 0-1

[Event "Mechanics' Peter Grey TNM; G/2 d5"]
[Site "San Francisco"]
[Date "2017.09.12"]
[Round "6.24"]
[White "Melville, Cailen"]
[Black "Enkh, Tergelsar"]
[Result "1-0"]
[WhiteElo "1772"]
[BlackElo "1404"]
[Annotator "Donaldson"]
[PlyCount "37"]
[EventDate "2017.??.??"]

1. d4 d5 2. c4 Nf6 3. cxd5 Nxd5 4. Nf3 (4. e4 Nf6 5. Nc3 e6 (5... e5)) 4... e6
5. e4 Nf6 6. Nc3 c5 7. d5 exd5 8. e5 Nfd7 (8... Ne4 9. Nxd5) (8... d4) 9. Nxd5
(9. Qxd5) 9... b6 $4 (9... Nb6) 10. Qe2 (10. Bg5 $1 f6 11. exf6 Nxf6 12. Nxf6+
gxf6 13. Qxd8+ Kxd8 14. Bxf6+) 10... Be7 (10... Bb7 11. Bg5) 11. Qe4 (11. Nxe7
Qxe7 12. Qe4 Nxe5 13. Nxe5 Bb7 14. Bb5+ Kf8 15. Qe3) 11... Bb7 12. Nf6+ Bxf6
13. Qxb7 Qe7 14. Qxa8 Bxe5 15. Be2 O-O 16. Qe4 Re8 17. Nxe5 Nxe5 18. O-O Nf3+
19. gxf3 1-0

[Event "Mechanics' Peter Grey TNM; G/2 d5"]
[Site "San Francisco"]
[Date "2017.08.15"]
[Round "2.26"]
[White "Melville, Cailen"]
[Black "Frank, Robert H"]
[Result "1-0"]
[WhiteElo "1772"]
[BlackElo "1243"]
[Annotator "Donaldson"]
[PlyCount "63"]
[EventDate "2017.??.??"]

1. d4 d5 2. c4 e6 3. Nf3 c6 4. Nc3 dxc4 {The Noteboom/Abrahams variation, one
of the more challenging lines against the Queen's Gambit.} 5. g3 {Turning the
Queen's Gambit Slav/Semi-Slav into a sort of Catalan has become very popular
of late.} (5. e3 b5 6. a4 Bb4 7. Bd2 Bb7 8. axb5 Bxc3 9. Bxc3 cxb5 10. b3 a5
11. bxc4 b4 {is the main line, where White's strong center and Black's
connected queenside passed pawns do battle. Former Mechanics'
Grandmaster-in-Residence Alex Yermolinsky is noted for his handling of the
White pieces in this variation.}) 5... b5 6. Bg2 Bb7 7. O-O Qb6 $6 ({
This is not the most precise. Instead} 7... Nf6 {or, even more exact,}) (7...
Nd7 {is the main line of this variation. Many games have tested the sequence:}
8. e4 Ngf6 9. e5 Nd5 10. Ng5 Nxc3 (10... Be7 11. Qh5 g6 12. Qh6 Bf8 13. Qh3 Be7
14. Nge4 {is an important alternative.}) 11. bxc3 Be7 12. Qh5 Bxg5 13. Bxg5 Qc7
14. f4 {White has the bishop pair and a strong pawn senter, while is solid and
has an extra pawn. In a practical game White's initiative normally counts more
than the small material deficit.}) 8. e4 Nf6 9. e5 Nd5 10. Ng5 h6 {Diagram [#]}
(10... Be7 11. Qh5 Bxg5 12. Bxg5 {
and White's knight will find a nice home on d6 as} Nxc3 {
strengthens White's center. After} 13. bxc3 {Black's weakness on the dark
squares and the advance f2-f4-f5 give White more than enough compensation for
the pawn.}) 11. Nxe6 $5 (11. Qh5 g6 12. Qh3 {was a less commital choice. After}
Na6 {Black has decent play with ...c5 and ...Nab4 heading to d3. The move
played in the game is not without risk, but sets Black more concrete problems.}
) 11... fxe6 12. Qh5+ Ke7 $6 (12... Kd8 {intending ... Nd7 and ...Bb4 looks
more natural. Black's e-pawn will likely fall, but at least his pieces will
get into play.}) 13. Ne4 (13. a4 {
was another approach, trying to open up the game.}) 13... Kd7 $6 ({
It's hard to play such positions for Black.} 13... Kd8 {still looks better.})
14. Qf7+ Ne7 $2 {This loses on the spot as White's knight gains uncontested
access to c5. Black had to play} (14... Kd8) 15. Nc5+ Kc8 16. Bh3 {
There is no defense to attack that is about to commence.} Kd8 17. Nxe6+ Kd7 18.
Nxf8+ Kd8 19. Ne6+ Kd7 20. Nxg7+ Kd8 21. Bxh6 c5 22. Ne6+ Kd7 23. dxc5 Qc6 24.
Nd4+ Kd8 25. Nxc6+ Bxc6 26. Rfd1+ Nd7 27. Bxd7 Bxd7 28. Bg5 Re8 29. c6 Kc7 30.
cxd7 Rg8 31. Bxe7 Rad8 32. e6 1-0

[Event "Mechanics' Spring TNM; G/2"]
[Site "San Francisco"]
[Date "2017.04.04"]
[Round "4.11"]
[White "Melville, Cailen"]
[Black "Gaffagan, Steven"]
[Result "1/2-1/2"]
[WhiteElo "1745"]
[BlackElo "2061"]
[Annotator "Donaldson"]
[PlyCount "58"]
[EventDate "2017.??.??"]

1. d4 Nf6 2. c4 e6 3. g3 c5 4. d5 exd5 5. cxd5 d6 6. Nc3 g6 7. Nf3 Bg7 8. Bg2
O-O 9. O-O Re8 10. Bf4 a6 11. a4 Ne4 12. Nxe4 Rxe4 13. Nd2 Rxf4 14. gxf4 Bxb2
15. Rb1 Bg7 16. Re1 b5 17. axb5 axb5 18. Rxb5 Nd7 19. Qc2 Qh4 20. e3 Nf6 21.
Reb1 Bh3 22. Bxh3 Qxh3 23. Rb8+ Rxb8 24. Rxb8+ Bf8 {Diagram [#]} 25. Qd3 $2 (
25. f3 $1 Nxd5 26. Qe4 Nf6 27. Qe7 Nd7 28. Rd8) 25... Qg4+ 26. Kf1 Qd1+ 27. Kg2
Qg4+ 28. Kf1 Qd1+ 29. Kg2 Qg4+ 1/2-1/2

[Event "Mechanics' Spring TNM; G/2"]
[Site "San Francisco"]
[Date "2017.03.28"]
[Round "3.28"]
[White "Melville, Cailen"]
[Black "Giridharan, Durgas"]
[Result "1-0"]
[WhiteElo "1745"]
[BlackElo "1482"]
[PlyCount "54"]
[EventDate "2017.??.??"]

1. d4 d5 2. c4 c6 3. Nf3 Nf6 4. Nc3 e6 5. g3 dxc4 6. Bg2 Be7 7. Ne5 Nd5 8. Nxc4
O-O 9. O-O Nxc3 10. bxc3 c5 11. Ne5 f6 12. Nf3 Nc6 13. e4 Qc7 14. Qe2 Kh8 15.
Be3 Bd7 16. dxc5 Ne5 17. Rfd1 Nxf3+ 18. Bxf3 e5 19. Rd2 Bc6 20. Qc4 a5 21. Rad1
f5 22. Bg2 f4 23. gxf4 exf4 24. Bd4 Qc8 25. Rd3 Bxe4 26. Bxe4 Qg4+ 27. Kh1 Bxc5
1-0

[Event "Mechanics' Winter TNM; G/2"]
[Site "San Francisco"]
[Date "2017.01.10"]
[Round "2.30"]
[White "Melville, Cailen"]
[Black "Harris, Clarence"]
[Result "1-0"]
[WhiteElo "1730"]
[BlackElo "1410"]
[PlyCount "57"]
[EventDate "2017.??.??"]

1. d4 Nf6 2. c4 g6 3. f3 Bg7 4. e4 d6 5. Nc3 O-O 6. Bg5 c5 7. d5 Nbd7 8. Nh3
Ne5 9. Nf2 h6 10. Be3 Qb6 11. Qd2 Kh7 12. Rc1 Bd7 13. Be2 a5 14. O-O a4 15. Qd1
a3 16. b3 Qa6 17. f4 Neg4 18. Bxg4 Nxg4 19. Nxg4 f5 20. Nf2 Qa5 21. Ne2 fxe4
22. Bd2 Qd8 23. Nxe4 Bb2 24. Rc2 Bf5 25. N2g3 Bd4+ 26. Kh1 Qd7 27. Bc3 Bg4 28.
Qe1 e5 29. dxe6 1-0